Normal view
MARC view
Entry Topical Term
001 - CONTROL NUMBER
- control field: 14607
003 - CONTROL NUMBER IDENTIFIER
- control field: dpl
005 - DATE AND TIME OF LATEST TRANSACTION
- control field: 20100818121108.0
008 - FIXED-LENGTH DATA ELEMENTS
- fixed length control field: 100818|||a|||||| | ||| d
040 ## - CATALOGING SOURCE
- Original cataloging agency: dpl
- Transcribing agency: dpl
150 ## - HEADING--TOPICAL TERM
- Topical term or geographic name as entry element: जीवनी
670 ## - SOURCE DATA FOUND
- Source citation: Work cat.: (dpl)34489: शर्मा, जयगोविन्द 'बैंदिल' 14606, झाँसी की रानीः महारानी लक्ष्मीबाई /, 2009
670 ## - SOURCE DATA FOUND
- Source citation: Work cat.: (dpl)34489: शर्मा, जयगोविन्द 'बैंदिल' 14606, झाँसी की रानीः महारानी लक्ष्मीबाई /, 2009
